[Event "Wch U12"]
[Site "Durban"]
[Date "2014.09.28"]
[Round "10"]
[White "Acar, Utku Cengiz"]
[Black "Chumbe Gonzalo, Quirhuayo"]
[Result "0-1"]
[WhiteElo "1815"]
[BlackElo "2272"]
[PlyCount "78"]
[EventDate "2014.09.20"]
[EventType "swiss"]
[EventRounds "11"]
[EventCountry "RSA"]
[SourceTitle "CBM 162 Extra"]
[Source "ChessBase"]
[SourceDate "2014.10.17"]
[SourceVersion "1"]
[SourceVersionDate "2014.10.17"]
[SourceQuality "1"]

1. e4 c5 2. Nf3 Nc6 3. d4 cxd4 4. Nxd4 Nf6 5. Nc3 d6 6. Bg5 e6 7. Qd2 a6 8. f3 Bd7 9. 0-0-0 Be7 10. h4 h6 11. Be3 h5 12. Qf2 Qc7 13. Qg3 g6 14. Bg5 Nxd4 15. Rxd4 Rc8 16. Qf4 e5 17. Qd2 exd4 18. Qxd4 Qc5 19. Bxf6 Bxf6 20. Qxf6 0-0 21. Bd3 Be6 22. f4 Bc4 23. Bxc4 Qe3+ 24. Kb1 Rxc4 25. Qxd6 Rc6 26. Qe5 Re6 27. Qg5 Rc8 28. Nd5 Qxe4 29. Rc1 Kg7 30. f5 Qxf5 31. Qxf5 gxf5 32. Nf4 Re4 33. g3 Re3 34. Rd1 Rce8 35. Rg1 Rd8 36. Nd3 Kh6 37. b3 Rg8 38. Rd1 Rgxg3 39. Nf4 Rgf3 0-1

[Event "Wch U12"]
[Site "Durban"]
[Date "2014.09.26"]
[Round "8"]
[White "Saurabh, Anand"]
[Black "Chumbe Gonzalo, Quirhuayo"]
[Result "1-0"]
[WhiteElo "2029"]
[BlackElo "2272"]
[PlyCount "65"]
[EventDate "2014.09.20"]
[EventType "swiss"]
[EventRounds "11"]
[EventCountry "RSA"]
[SourceTitle "CBM 162 Extra"]
[Source "ChessBase"]
[SourceDate "2014.10.17"]
[SourceVersion "1"]
[SourceVersionDate "2014.10.17"]
[SourceQuality "1"]

1. e4 c5 2. Nf3 Nc6 3. d4 cxd4 4. Nxd4 Nf6 5. Nc3 d6 6. Bg5 e6 7. Qd2 a6 8. 0-0-0 Bd7 9. f3 h6 10. Be3 Qc7 11. g4 Rc8 12. h4 Nxd4 13. Bxd4 b5 14. Bd3 e5 15. Be3 Be6 16. g5 Nd7 17. f4 b4 18. Nd5 Bxd5 19. exd5 hxg5 20. fxg5 Qa5 21. Bf5 g6 22. Bxd7+ Kxd7 23. Qf2 Ke8 24. Kb1 Bg7 25. h5 Rf8 26. Qg2 Qb5 27. hxg6 fxg6 28. Rh7 Kf7 29. Qh3 Kg8 30. Qe6+ Rf7 31. Qxc8+ Rf8 32. Qe6+ Kxh7 33. Rh1+ 1-0